000 00373nam a2200121Ia 4500
008 240624s9999 xx 000 0 und d
041 _aeng
082 _a658.404 IND
100 _aINDIRA GANDHI NATIONAL OPEN UNIVERSITY
245 _aTECHNOLOGY MANAGEMENT TECHNOLOGY SUPPORT
260 _c2002
_aNew Delhi
_bIndira Gandhi National Open University
300 _a46 : p. : cm. ; 26
999 _c5284
_d5284